000 00665nas a2200241 4500
001 BR8002191
003 BR-BrBNA
005 20231205084258.0
007 ta
008 230509b bl.|||p| |||| 00| 00por d
040 _aBR-BrBNA
_bpor
_cBiblioteca Nacional de Agricultura
041 _a(Pt)
072 _aL00
100 1 _aAnon.
245 1 _aComo dar asas aos pintos no moderno criatorio
650 _aProducao animal
650 _aPinto
650 _aCriacao
650 _aManejo
773 0 _tAgricultura de Hoje (Brazil)
_xISSN 0100-5707
_g(Jul 1980), v. 6(61) p. 44-45
_wBR8002191
909 _a202311
_bLúcia
_c55
_dLúcia Elande
942 _2AGRIS
_n0
_cANA
999 _c104220
_d104220